| 000 | 00969nac a22002777a 4500 | ||
|---|---|---|---|
| 001 | BR8104461 | ||
| 003 | BR-BrBNA | ||
| 005 | 20240105115032.0 | ||
| 008 | 230509b bl.|||m| |||| 00| 0 por d | ||
| 040 |
_aBR-BrBNA _bpor _cBiblioteca Nacional de Agricultura |
||
| 072 | _aK50 | ||
| 090 | _a3140 BR8104461 | ||
| 100 | 1 | _aJankowsky, I.P. | |
| 100 | 1 | _aAguiar, O.J.R. de | |
| 110 | 1 |
_aInstituto de Pesquisas e Estudos Florestais, Piracicaba, SP (Brasil) _96160 |
|
| 245 | 1 | _aTratabilidade de laminas de madeira de Pinus spp. para confeccao de recipientes [preservacao da madeira, pinheiro, Brasil] | |
| 260 | 3 |
_aPiracicaba, SP (Brasil): _c1981. |
|
| 300 | _a5 p. | ||
| 490 |
_aCircular Tecnica - Instituto de Pesquisas e Estudos Florestais (Brazil) _vno. 127 _xISSN 0100-3453 |
||
| 650 | _aPRESERVACAO DA MADEIRA | ||
| 650 | _aPINHEIRO | ||
| 650 | _aLAMINADO | ||
| 650 | _aFUNGO | ||
| 909 |
_a202312 _bLúcia Elande _c55 _dLúcia Elande |
||
| 942 |
_2AGRIS _n0 _cMS |
||
| 999 |
_c272681 _d272681 |
||